Kunsthistorische Museum : (Record no. 607748)

000 -LEADER
fixed length control field 01698cam a22004337a 4500
001 - CONTROL NUMBER
control field 15677891
003 - CONTROL NUMBER IDENTIFIER
control field OSt
005 - DATE AND TIME OF LATEST TRANSACTION
control field 20240215104118.0
008 - FIXED-LENGTH DATA ELEMENTS--GENERAL INFORMATION
fixed length control field 090320s2008 au ab b 001 0 ger d
010 ## - LIBRARY OF CONGRESS CONTROL NUMBER
LC control number 2009447171
016 7# - NATIONAL BIBLIOGRAPHIC AGENCY CONTROL NUMBER
Record control number 988750333
Source GyFmDB
020 ## - INTERNATIONAL STANDARD BOOK NUMBER
International Standard Book Number 9783850332149
020 ## - INTERNATIONAL STANDARD BOOK NUMBER
International Standard Book Number 3850332144
035 ## - SYSTEM CONTROL NUMBER
System control number (OCoLC)ocn317381654
040 ## - CATALOGING SOURCE
Original cataloging agency GWDNB
Language of cataloging eng
Transcribing agency CNCCA
Modifying agency JPG
-- DLC
042 ## - AUTHENTICATION CODE
Authentication code lccopycat
043 ## - GEOGRAPHIC AREA CODE
Geographic area code e-au---
050 00 - LIBRARY OF CONGRESS CALL NUMBER
Classification number N1677
Item number .B57 2008
082 ## - DEWEY DECIMAL CLASSIFICATION NUMBER
Classification number 727.70943613
Author Mark BIS
100 1# - MAIN ENTRY--PERSONAL NAME
Personal name Bischoff, Cäcilia.
9 (RLIN) 120478
245 10 - TITLE STATEMENT
Title Kunsthistorische Museum :
Remainder of title history, architecture, decoration /
Statement of responsibility, etc. by Cäcilia Bischoff .
260 ## - PUBLICATION, DISTRIBUTION, ETC.
Place of publication, distribution, etc. Wien :
Name of publisher, distributor, etc. Brandstätter,
Date of publication, distribution, etc. 2010.
300 ## - PHYSICAL DESCRIPTION
Extent 259 p. :
Other physical details ill. (chiefly col.), col. maps ;
Dimensions 31 cm.
504 ## - BIBLIOGRAPHY, ETC. NOTE
Bibliography, etc. note Includes bibliographical references (p. 252-257) and index.
610 20 - SUBJECT ADDED ENTRY--CORPORATE NAME
Corporate name or jurisdiction name as entry element Kunsthistorisches Museum Wien
General subdivision History.
9 (RLIN) 120479
650 #0 - SUBJECT ADDED ENTRY--TOPICAL TERM
Topical term or geographic name entry element Art museums
Geographic subdivision Austria
-- Vienna.
9 (RLIN) 120480
650 #0 - SUBJECT ADDED ENTRY--TOPICAL TERM
Topical term or geographic name entry element Art museum architecture
Geographic subdivision Austria
-- Vienna.
9 (RLIN) 120481
650 #0 - SUBJECT ADDED ENTRY--TOPICAL TERM
Topical term or geographic name entry element Interior decoration
Geographic subdivision Austria
-- Vienna.
9 (RLIN) 120482
651 #0 - SUBJECT ADDED ENTRY--GEOGRAPHIC NAME
Geographic name Vienna (Austria)
General subdivision Buildings, structures, etc.
9 (RLIN) 120483
700 1# - ADDED ENTRY--PERSONAL NAME
Personal name Uldrich, Andreas.
9 (RLIN) 120484
700 1# - ADDED ENTRY--PERSONAL NAME
Personal name Seipel, Wilfried.
9 (RLIN) 120485
710 2# - ADDED ENTRY--CORPORATE NAME
Corporate name or jurisdiction name as entry element Kunsthistorisches Museum Wien.
9 (RLIN) 120486
856 42 - ELECTRONIC LOCATION AND ACCESS
Materials specified Publisher's description
Uniform Resource Identifier <a href="http://deposit.d-nb.de/cgi-bin/dokserv?id=3108385&prov=M&dok_var=1&dok_ext=htm">http://deposit.d-nb.de/cgi-bin/dokserv?id=3108385&prov=M&dok_var=1&dok_ext=htm</a>
906 ## - LOCAL DATA ELEMENT F, LDF (RLIN)
a 7
b cbc
c copycat
d 3
e ncip
f 20
g y-gencatlg
936 ## - OCLC/CONSER MISCELLANEOUS DATA (OCLC); PIECE USED FOR CATALOGING (pre-AACR2) (RLIN)
OCLC control number(s) of parallel record(s) (OCLC); Piece used for cataloging, PUC (RLIN) PR 297558853
942 ## - ADDED ENTRY ELEMENTS (KOHA)
Source of classification or shelving scheme
Koha item type Book
Institution code [OBSOLETE] SADA
Call number prefix 727.70943613 BIS 2010
Holdings
Withdrawn status Lost status Source of classification or shelving scheme Damaged status Not for loan Permanent Location Current Location Date acquired Source of acquisition Total Checkouts Full call number Barcode Date last seen Price effective from Koha item type
          School of Art Design and Architecture (SADA) School of Art Design and Architecture (SADA) 01/05/2017 S.A.Rehman   727.70943613 BIS 2010 SADA0002666 02/15/2024 02/15/2024 Book
© 2023 Central Library, National University of Sciences and Technology. All Rights Reserved.